banner-ar

محمد على الكبير خصوصيات عائلة ملكية : (Record no. 52518)

MARC details
000 -الفاتح
حقل البيانات ثابتة الطول 01001nam a2200253Ia 4500
008 - عناصر البيانات ثابتة الطول - معلومات عامة
حقل البيانات ثابتة الطول 140319s9999 xx 000 0 ara d
040 ## - مصدر الفهرسة
وكالة الفهرسة الأصلية GCL /
وكالة النسخ GCL
082 04 - رقم تصنيف ديوى العشرى
رقم التصنيف ق
رقم المادة 962.02
-- ع م
100 1# - المدخل الرئيسى - إسم شخصى
الإسم الشخصى مجدى عبدالحافظ
245 10 - بيان العنوان
العنوان محمد على الكبير خصوصيات عائلة ملكية :
بقية العنوان مذكرات حميمة ( 1805-2005 ) /
بيان المسئوليه,etc مجدى عبدالحافظ
700 1# - المدخل الاضافى - اسم شخصى
الإسم الشخصى عثمان ابراهيم
700 1# - المدخل الاضافى - اسم شخصى
الإسم الشخصى على كورخان
700 1# - المدخل الاضافى - اسم شخصى
الإسم الشخصى هدى كشرود
250 ## - بيان الطبعة
بيان الطبعة الاولى
260 ## - PUBLICATION, DISTRIBUTION, ETC. (IMPRINT)
تاريخ النشر أو التوزيع 2002
300 ## - الوصف المادى
التعداد 156 ص ؛
أبعاد الوعاء 21 سم
490 ## - بيان السلسلة
عنوان السلسلة المشروع القومى للترجمة
رقم المجلد/ التعيين التسلسلي 960
650 04 - المدخل الاضافى بالموضوع-مصطلح موضوعى
مصطلح موضوعي الخديوى سعيد
650 04 - المدخل الاضافى بالموضوع-مصطلح موضوعى
مصطلح موضوعي مصر - تاريخ - العصر الحديث - عصر محمد على ( 1805- 1849 م )
650 04 - المدخل الاضافى بالموضوع-مصطلح موضوعى
مصطلح موضوعي الخديوى عباس حلمى الثانى
650 04 - المدخل الاضافى بالموضوع-مصطلح موضوعى
مصطلح موضوعي ابناء الخديوى اسماعيل
942 ## - عناصر المدخل الإضافي( كوها)
مصدر التصنيف او مخطط الترفيف Dewey Decimal Classification
Koha [default] item type كتاب
260 ## - PUBLICATION, DISTRIBUTION, ETC. (IMPRINT)
-- القاهرة :
-- المجلس الاعلى للثقافة ،
Holdings
حالة التراجع حالة الفقد حالة تلف ليس للاعارة المكان المؤقت الموقع الحالى تاريخ الاكتساب اجمالي اﻻعارات رقم الطلب الباركود تاريخ اخر مشاهدة تاريخ تفعيل السعر نوع وعاء كوها
        مكتبة القاهرة الكبرى مكتبة القاهرة الكبرى 03/26/2014   ق\962.02\ع م 125796 03/26/2014 03/26/2014 كتاب
        مكتبة القاهرة الكبرى مكتبة القاهرة الكبرى 03/26/2014   ق\962.02\ع م 125797 03/26/2014 03/26/2014 كتاب

Powered By

EGPV